Quizzes
Events
Quiz Creation
Community
Videos
Private Events
Remove Ads
Sign In
Join for FREE
Feedback
Dark Mode
Quiz Categories
Sports
Geography
Music
Movies
Television
Just For Fun
Miscellaneous
History
Literature
Language
Science
Gaming
Entertainment
Religion
Holiday
For Kids
Quiz Lab
Recent
Popular Today
Quiz Kudos Today
Editor Picks
Curator Picks
Quizzes by...
Day
Popularity
Type
Ratings
Length
Year
Community
Subscriptions
Recent Discussions
Orange Saloon
Badges
Playlists
Quests
Create
Leaderboards
Showdown
Live 5
Trivia Bingo
Activity
Puzzle Library
Sporcle Events
Private Events
Virtual Trivia
Globe League
Become a Host
Pub Owners
SporcleCon
Opinionation
Our Games
Videos
Blog
Mobile Apps
Partnerships
Remove Ads and Go Orange
Feedback
Language
Vocabulary
Begins and Ends
Definition
Spanish
French
German
Italian
Chinese
Latin
Translation
Japanese
Language
Vocabulary
Begins and Ends
Definition
Spanish
French
German
Italian
Chinese
Latin
Translation
Japanese
Random Quiz
Search Sporcle
×
Quiz Lab
Quiz Lab
Language
Crossword
Type answers that appear on an image
Type answers that appear on an image
Map
Best Score? Go Orange.
Crossword Puzzle Stats
Can you complete the Crossword Puzzle?
By
MisterPip
10m
92 Questions
787 Plays
787 Plays
787 Plays
Comments
Comments
Give Quiz Kudos
Give Quiz Kudos
-
- Ratings
hide this ad
More Info
Replay
Link that replays current quiz
Next Quiz
Link to next quiz in quiz playlist
You Got
0%
They Got
Avg Score
80%
Avg Friend Score
Upgrade to see
Score Distribution
Jump to the score distribution portion of the page
Score
0/92
Timer
10:00
0
Plays Today
% Correct
O
99.1%
Z
98.6%
A
98.1%
T
97.6%
E
95.1%
I
93.1%
B
93%
E
92.6%
T
92.5%
D
90.5%
S
90.3%
O
90.3%
E
90.3%
U
90%
R
89.8%
R
89.7%
A
89.7%
R
89.7%
E
89.7%
I
89.3%
S
89.3%
B
89.1%
S
89.1%
A
88.9%
H
88.8%
N
88.6%
N
88.5%
E
88.3%
G
87.2%
P
87.1%
E
87%
% Correct
M
86.7%
R
86.6%
I
86.6%
R
86.2%
R
85.6%
A
85.6%
A
85.4%
I
85.3%
O
85.2%
L
85.1%
N
84.9%
T
84.7%
E
84.4%
C
84.2%
A
84%
O
83.9%
S
83.5%
R
83.5%
T
83.4%
A
83.4%
P
83.3%
S
83.1%
S
82.9%
H
82.9%
T
82.4%
O
82.2%
P
82%
A
81.4%
N
81%
Y
80.6%
S
79.2%
% Correct
C
79.1%
E
78.9%
A
78.7%
L
76.4%
E
76%
A
73.7%
F
71.5%
O
68.6%
D
68.3%
F
67.3%
A
66.9%
S
66.8%
R
66.3%
T
65.9%
R
65.8%
E
65.6%
A
64.5%
O
64.2%
O
64%
E
63.3%
S
63.1%
L
62.8%
S
62.3%
Y
59.6%
A
58.4%
N
56.2%
R
55.9%
F
55.8%
M
55.3%
C
53.9%
Quiz Playlist
Details
Report
Send in Message
Add To Playlist
More Info:
I made this puzzle and thought it might be fun to play on Sporcle.
Map:
Type answers that appear on an image
Last Updated: Jul 18, 2017
Quiz Scoreboard
CHALLENGE
Sign Up to Join the Scoreboard
Show All
Scores
Hide
Comments
May contain spoilers
Recently Published
Popular People in 1961
by mucciniale
History
6m
1-10 Letter E Words III
by El_Dandy
Language
2m
One Thing in Common: World Cities II
by knightlancer
Geography
7m
More to Explore
Quiz From the Vault
Featured Blog Post
Where Did the Easter Bunny Come From?
hide this ad
You Might Also Like...
Tags
Crossword Quiz
Puzzle Quiz
Word Puzzle
Today's Top Quizzes in Language
Browse Language
hide this ad
Today's Top Quizzes in Crossword
Browse Crossword
Top Contributed Quizzes in Language
1
Order Up: Top 10 Most Native Spoken Languages
2
1-10 Letter F Words III
3
1-10 Letter G Words III
4
One Thing in Common: Italy
5
1-10 Letter H Words III
6
1-10 Letter I Words III
7
Hiragana Speed Reading
8
Begins and Ends With AN
9
Vocabulary 5
10
1-10 Letter J Words III
Explore More
Trending Topics
Harry Potter
Anime
Crossword
NBA
Disney
Kpop
Marvel
Soccer
The Office
Pokémon
Country
Puzzle
NFL
WWE
Song
hide this ad
More By:
MisterPip
Quiz
Plays
Rating
Category
Featured
Created
US State by Landmark (Slideshow)
8,551
4.39
Geography
Jul 20, 2013
Guess that Country - 2012 (August)
7,096
4.26
Geography
Aug 17, 2012
Famous Skylines (Slideshow)
2,649
4.00
Geography
Jul 19, 2013
Guess that Country - 2012 (September)
2,168
4.61
Geography
Sep 2, 2012
Lyrics to 'Diet Mountain Dew'
1,779
4.33
Music
Jan 29, 2017
Go to Creator's Profile
Score Distribution
Quiz Creator Spotlight
MisterPip
Follow
Send a Message
Quizzes Created
-
Created Quiz Play Count
-
More By This Creator
Popular Quizzes Today
1
Find the US States - No Outlines Minefield
2
The Countries of the World
3
Find the Countries of Europe - No Outlines Minefield
4
Popular People in 1961
5
1-10 Letter E Words III
6
Find the US States
7
One Thing in Common: World Cities II
8
US States
More Language Quizzes
3x3 Anagram Challenge
Published
Trending Quizzes
Risky Map Clicking: Least Populous States A-Z
1-10 Letter F Words
1-10 Letter G Words
One Thing in Common: United Kingdom
Risky Map Clicking: Next State Alphabetically
Recently Updated
Leaping Animals
pecheneg
Reality TV Shows (A-Z)
bhenderson79
Rickey Henderson's Hall of Fame Teammates
pecheneg
Champions League XIs: Arsenal
pecheneg
Quick Pick: Celebrities in WWE's Hall of Fame
aduchscher
A-Z Keypad Blitz II
pecheneg
Multiple Oscar Actors
pecheneg
Mystery Phrase Blitz: Oscar 'Best Actors'
pecheneg
F. Scott Fitzgerald Novels
LTH
Pick 3 Villains
ddd62291
Trending Topics
Anime
Marvel
Disney
Crossword
NBA
Kpop
Harry Potter
NFL
The Office
Soccer
Pokémon
Country
Song
Puzzle
WWE
Your Account Isn't Verified!
In order to create a playlist on Sporcle, you need to verify the email address you used during registration. Go to your
Sporcle Settings
to finish the process.
Report this User
Report this user for behavior that violates our
Community Guidelines
.
Details:
Send Report
Go to the Sporcle.com Mobile Site →
Comments